Football Positions - Statistics

General Stats
  • This quiz has been taken 2,929 times
  • The average score is 12 of 15
Answer Stats
Hint Answer % Correct
GK GoalKeeper
99%
LB LeftBack
94%
LW LeftWing
94%
RB RightBack
94%
RW RightWing
93%
CB CenterBack
86%
LWB LeftWingBack
86%
RWB RightWingBack
86%
ST Striker
78%
LM LeftMidfield
76%
RM RightMidfield
75%
CM CenterMidfield
72%
CF CenterForward
67%
CDM CenterDefensiveMidfield
57%
CAM CenterAdvancedMidfield
7%
No matching quizzes found
Score Distribution
Percent of People with Each Score
Percentile by Number Answered
Your Score History
You have not taken this quiz